Electrical Machines (Record no. 50708)

MARC details
000 -LEADER
fixed length control field 00333nam a2200133Ia 4500
008 - FIXED-LENGTH DATA ELEMENTS--GENERAL INFORMATION
fixed length control field 220530s9999 xx 000 0 und d
041 ## - LANGUAGE CODE
Language code of text/sound track or separate title eng
082 ## - DEWEY DECIMAL CLASSIFICATION NUMBER
Classification number 621.31042
Item number BHA
100 ## - MAIN ENTRY--PERSONAL NAME
Personal name Bhattacharya S K
9 (RLIN) 55756
245 ## - TITLE STATEMENT
Title Electrical Machines
260 ## - PUBLICATION, DISTRIBUTION, ETC. (IMPRINT)
Place of publication, distribution, etc. New Delhi
Name of publisher, distributor, etc. McGraw hill
Date of publication, distribution, etc. 2009
300 ## - PHYSICAL DESCRIPTION
Extent 545 P
Other physical details PB
906 ## - LOCAL DATA ELEMENT F, LDF (RLIN)
a 79.65
b ETC
Holdings
Withdrawn status Lost status Damaged status Not for loan Home library Current library Date acquired Vendor Cost, normal purchase price Total Checkouts Full call number Barcode Date last seen Cost, replacement price Bill Date Koha item type Original Barcode
        Cummins College of Engineering for Women Nagpur Cummins College of Engineering for Women Nagpur 26/12/2011 Dhanwantari Books and Stationers 295.00   621.31042 CEWN-BB-300 30/05/2022 215.35 30/05/2022 Book Bank B00300